| 000 | 00435nam a2200181Ia 4500 | ||
|---|---|---|---|
| 001 | 915 | ||
| 005 | 20260306140553.0 | ||
| 008 | 260306t2007||||xx |||||||||||||| ||spa|| | ||
| 041 | _aESP | ||
| 082 |
_a174.2 _bG37 |
||
| 100 |
_aConsejo Pontificio para la Pastoral de la Salud _eAUT |
||
| 245 | 0 | _aEl genoma humano | |
| 260 | _c2007 | ||
| 300 |
_a444 páginas : _c20 cm. |
||
| 650 | _aGEN | ||
| 654 | _aCHU | ||
| 942 |
_cLIB _dJUS _fJUS _2ddc _n |
||
| 999 |
_c915 _d915 |
||